Zábavná poradňa pre milencov a manželov /
Uložené v:
| Hlavný autor: | |
|---|---|
| Ďalší autori: | |
| Médium: | Kniha |
| Jazyk: | Slovak |
| Vydané: |
Kanianka :
Úsmev,
2001.
|
| Vydanie: | [1. vyd.] |
| Edícia: | Smiech XX. storočia
7 |
| Témy: | |
| ISBN: |
8085517086 (brož.) |
| Fyzický popis: |
153 s. : il. ; 21 cm. |
| Tagy: |
Pridať tag
Žiadne tagy, Buďte prvý kto otaguje tento záznam!
|
Titul je dostupný aj v ... 

MARC
| LEADER | 00000nam a2200000 a 4500 | ||
|---|---|---|---|
| 001 | 000000298 | ||
| 005 | 20071011094118.0 | ||
| 008 | 040401s2001 xo a g 000 0 slo d | ||
| 020 | |a 8085517086 (brož.) | ||
| 040 | |a SVKKK |b slo |c SVKKK |e AACR2 | ||
| 041 | 0 | |a slo | |
| 044 | |a xo |c SK | ||
| 072 | 7 | |a 82-1/-8 |x Literárne formy a žánre |2 konspekt | |
| 080 | |a 82-7 |2 2001 | ||
| 080 | |a (0:82-36) |2 2001 | ||
| 080 | |a (0:82-845) |2 2001 | ||
| 100 | 1 | |a Špeťko, Andrej | |
| 245 | 1 | 0 | |a Zábavná poradňa pre milencov a manželov / |c Andrej Špeťko ; [ilustroval: Vladimír Trvalec]. |
| 250 | |a [1. vyd.] | ||
| 260 | |a Kanianka : |b Úsmev, |c 2001. | ||
| 300 | |a 153 s. : |b il. ; |c 21 cm. | ||
| 490 | 1 | |a Smiech XX. storočia |v 7 | |
| 500 | |a Údaj o il. prevzatý z rubu titul. strany | ||
| 500 | |a Popísané podľa xerokópie | ||
| 650 | 0 | 7 | |a humor |2 SVKKKPH |
| 655 | 7 | |a anekdoty |2 SVKKKPH | |
| 655 | 7 | |a vtipy |2 SVKKKPH | |
| 700 | 1 | |a Trvalec, Vladimír |4 ill | |
| 830 | 0 | |a Smiech XX. storočia |v 7 | |
| 910 | |a svkkk | ||
| 919 | |a 80-85517-08-6 | ||
| 998 | |a BK | ||
| 090 | |g SCKHL |k Sklad Pribinova 2. posch. |a III.196239 |j 959719 |i 2720020771 |s Strata | ||
| 090 | |g SCKHL |k Sklad Hlavná 10 prízemie |a III.207241 |j 990860 |i 2720078574 |s Absenčne | ||